General Millán Astray : (El legionario) / General Carlos de Silva (El legionario) / General Carlos de Silva
Descripción Física:
260 p., [2] f., [8] làm. ; 20 cm
Colección:
Colección La epopeya y sus héroes
MARC
| LEADER | 00000nam a2200000Ia 4500 | ||
|---|---|---|---|
| 001 | 1044 | ||
| 008 | 160829s1956 xx 000 0 cat d | ||
| 080 | |a M-3-26 | ||
| 100 | |a Silva, Carlos de |9 32403 | ||
| 245 | |a General Millán Astray : |b (El legionario) / General Carlos de Silva | ||
| 260 | |a Barcelona : |b Ed. AHR, |c 1956 | ||
| 300 | |a 260 p., [2] f., [8] làm. ; |c 20 cm | ||
| 490 | |a Colección La epopeya y sus héroes | ||
| 650 | |a Millán Astray, José |9 32404 | ||
| 650 | |a Militars |x Biografia |9 24019 | ||
| 901 | |a Arxiu | ||
| 942 | |n 1 | ||
| 952 | |0 0 |1 0 |4 0 |6 M326 |7 1 |9 45972 |a Arxiu |b Arxiu |d 2016-12-01 |l 0 |o M-3-26 |p 1044 |r 2016-12-01 00:00:00 |w 2016-12-01 |y ARXIU | ||
| 999 | |c 49473 |d 49473 | ||